A sight for sore eyes / Ruth Randell.
Available copies
- 2 of 2 copies available at LARL/NWRL Consortium. (Show)
- 2 of 2 copies available at Northwest Regional Library.
Current holds
0 current holds with 2 total copies.
View other formats and editions
Show Only Available Copies
| Location | Call Number / Copy Notes | Barcode | Shelving Location | Status | Due Date |
|---|---|---|---|---|---|
| Thief River Falls Public Library | REN (Text) | 35500002634895 | Main | Available | - |
| Warroad Public Library | REN (Text) | 35500002721247 | Main | Available | - |
Record details
- ISBN: 0609604171 (hardcover)
- Physical Description: 327 p. ; 24 cm.
- Publisher: New York : Crown Publishers, c1998.
Search for related items by subject
| Subject: | Adult Mystery Murder > England > Fiction. |
| Genre: | Suspense fiction. Psychological fiction. |
| LDR | 01327cam a2200325Ia 4500 | ||
|---|---|---|---|
| 001 | 24350 | ||
| 003 | LARL_NWRL_CONSORTIUM | ||
| 005 | 19990401114238.0 | ||
| 008 | 980615s1998 nyu 000 1 eng | ||
| 010 | . | ‡a98027654 | |
| 020 | . | ‡a0609604171 (hardcover) | |
| 035 | . | ‡a(OCoLC)39322902 | |
| 040 | . | ‡aDLC ‡cDLC ‡dYDX ‡dCSP ‡dDPL | |
| 082 | 0 | 0. | ‡a823/.914 ‡221 |
| 099 | . | ‡aRen | |
| 100 | 1 | . | ‡aRendell, Ruth, ‡d1930- ‡0(LARL_NWRL_CONSORTIUM)57255 |
| 245 | 1 | 2. | ‡aA sight for sore eyes / ‡cRuth Randell. |
| 260 | . | ‡aNew York : ‡bCrown Publishers, ‡cc1998. | |
| 300 | . | ‡a327 p. ; ‡c24 cm. | |
| 650 | . | ‡aAdult Mystery | |
| 655 | 7. | ‡aSuspense fiction. ‡2gsafd | |
| 655 | 0. | ‡aPsychological fiction. | |
| 650 | 0. | ‡aMurder ‡zEngland ‡vFiction. | |
| 901 | . | ‡a24350 ‡bOCLC ‡c24350 ‡tbiblio | |

Add to basket
Permalink
Disable Highlighting